| 000 | 01177pam a2200313 a 4500 | ||
|---|---|---|---|
| 999 |
_c172 _d172 |
||
| 001 | 4925719 | ||
| 003 | GZU | ||
| 005 | 20200707132256.0 | ||
| 008 | 950607s1996 enka b 001 0 eng | ||
| 010 | _a 95030562 | ||
| 020 | _a0304329207 | ||
| 020 | _a0304329185 (pbk.) | ||
| 040 |
_aDLC _cDLC _dDLC |
||
| 050 | 0 | 0 |
_aBF637.C6 _bI49 1996 |
| 082 | 0 | 0 |
_a158/.3/07 _220 |
| 100 | 1 | _aInskipp, Francesca. | |
| 245 | 1 | 0 |
_aSkills training for counselling / _cFrancesca Inskipp. |
| 260 |
_aLondon ; _aNew York : _bCassell, _c1996. |
||
| 300 |
_axi, 111 p. : _bill. ; _c25 cm. |
||
| 440 | 0 | _aCounsellor trainer and supervisor series | |
| 500 | _aIncludes bibliographical references (p. [109]-111) and index. | ||
| 650 | 0 |
_aCounselors _xTraining of. |
|
| 650 | 0 |
_aCounseling _xStudy and teaching. |
|
| 856 | 4 | 2 |
_3Publisher description _uhttp://www.loc.gov/catdir/enhancements/fy0657/95030562-d.html |
| 856 | 4 | 1 |
_3Table of contents only _uhttp://www.loc.gov/catdir/enhancements/fy0657/95030562-t.html |
| 906 |
_a7 _bcbc _corignew _d1 _eocip _f19 _gy-gencatlg |
||
| 942 |
_2lcc _cBK _h637 _iINS _kBF _m1996 |
||